| 000 | 01143cam a22003135i 4500 | ||
|---|---|---|---|
| 999 |
_c28630 _d28601 |
||
| 001 | 12133198 | ||
| 003 | EG-ScBUE | ||
| 005 | 20200831130940.0 | ||
| 008 | 000805s2000 gw a f b 001 0 eng d | ||
| 020 | _a352730178X | ||
| 020 | _a9783527301782 | ||
| 035 | _a(OCoLC)ocm43456716 | ||
| 040 |
_aUKM _beng _erda _cUKM _dOHX _dIXA _dTXA _dDLC _dEG-ScBUE |
||
| 082 | 0 | 4 |
_a628.1662 _bGOT _222 |
| 100 | 1 |
_aGottschalk, C. _q(Christiane) _eauthor. |
|
| 245 | 1 | 0 |
_aOzonation of water and waste water : _ba practical guide to understanding ozone and its application / _cC. Gottschalk, J.A. Libra, A. Saupe. |
| 264 | 1 |
_aWeinheim ; _a Cambridge : _b Wiley-VCH, _c2000. |
|
| 300 |
_ax, 189 pages : _billustrations ; _c25 cm |
||
| 336 |
_atext _btxt _2rdacontent |
||
| 337 |
_aunmediated _bn _2rdamedia |
||
| 338 |
_avolume _bnc _2rdacarrier |
||
| 504 | _aIncludes bibliographical references and index. | ||
| 650 | 7 |
_aWater _xPurification _xOzonization. _2BUEsh |
|
| 650 | 7 |
_aSewage _xPurification _xOzonization. _2BUEsh |
|
| 653 |
_bENGGEN _cAugust2020 |
||
| 700 | 1 |
_aSaupe, A. _q(Adrian) _eauthor. |
|
| 700 | 1 |
_aLibra, J. A. _q(Judy A.) _eauthor. |
|
| 942 |
_2ddc _cBB |
||